000 00439nam a2200169Ia 4500
008 230917s9999||||xx |||||||||||||| ||und||
020 _cRS400
040 _e243804
_aMAIN
041 _aEnglish
082 _aB N315H
100 _aNehru, Jawaharlal
245 0 _aHindustan ki kahani
260 _aNew Delhi
_bSasta Sahitya Mandal
_c2016
300 _a660 p.
500 _a2967 08/12/2017 HBD17/7112 08/12/2017 Main Budget
942 _cBK
999 _c24897
_d24897